| 000 | 00633nam a2200157Ia 4500 | ||
|---|---|---|---|
| 005 | 20250423095710.0 | ||
| 008 | 250422s9999 xx 000 0 und d | ||
| 020 | _a9789400705913 | ||
| 100 | _aGalil, Bella S. | ||
| 245 | 0 | _aIn the Wrong Place - Alien Marine Crustaceans : Distribution, Biology and Impacts |h [electronic resource] | |
| 260 | _aDordrecht | ||
| 260 | _bSpringer Science+Business Media B.V. | ||
| 260 | _c2011 | ||
| 650 | _aEnvironmental sciences. Ecology. Biodiversity. Aquatic biology. Marine Sciences. Environment. Marine & Freshwater Sciences. Ecology. Freshwater & Marine Ecology. Biodiversity. | ||
| 942 | _cBK | ||
| 999 |
_c31065 _d31065 |
||